| 000 | 00477nam a22001817a 4500 | ||
|---|---|---|---|
| 003 | OSt | ||
| 005 | 20240617100123.0 | ||
| 008 | 240617b |||||||| |||| 00| 0 eng d | ||
| 020 | _a9781406727913 | ||
| 040 | _cmust | ||
| 082 | _a515 DIE 1969 | ||
| 100 |
_aDieudonne,J. _917283 |
||
| 245 |
_aFoundations of modern analysis/ _cJ. Dieudonne. |
||
| 260 |
_aNew york: _bAcademic Press; _cc1969. |
||
| 300 |
_axviii,387p.; _c21cm. |
||
| 504 | _aIncludes index | ||
| 942 |
_2ddc _cO_SHELF |
||
| 999 |
_c8509 _d8509 |
||